Elements of the Periodic Table Quiz - One Minute Sprint - Statistics

General Stats
  • This quiz has been taken 17 times
  • The average score is 21 of 118
Answer Stats
# Symbol Element % Correct
79 Au Gold
92%
2 He Helium
83%
1 H Hydrogen
83%
26 Fe Iron
75%
8 O Oxygen
75%
18 Ar Argon
67%
5 B Boron
58%
6 C Carbon
58%
82 Pb Lead
58%
47 Ag Silver
58%
29 Cu Copper
50%
3 Li Lithium
50%
7 N Nitrogen
50%
50 Sn Tin
50%
30 Zn Zinc
50%
10 Ne Neon
42%
19 K Potassium
42%
11 Na Sodium
42%
92 U Uranium
42%
54 Xe Xenon
42%
33 As Arsenic
33%
4 Be Beryllium
33%
32 Ge Germanium
33%
80 Hg Mercury
33%
16 S Sulfur
33%
20 Ca Calcium
25%
17 Cl Chlorine
25%
9 F Fluorine
25%
31 Ga Gallium
25%
12 Mg Magnesium
25%
28 Ni Nickel
25%
118 Og Oganesson
25%
15 P Phosphorus
25%
94 Pu Plutonium
25%
88 Ra Radium
25%
86 Rn Radon
25%
23 V Vanadium
25%
13 Al Aluminium
17%
98 Cf Californium
17%
27 Co Cobalt
17%
99 Es Einsteinium
17%
68 Er Erbium
17%
87 Fr Francium
17%
36 Kr Krypton
17%
93 Np Neptunium
17%
78 Pt Platinum
17%
84 Po Polonium
17%
21 Sc Scandium
17%
34 Se Selenium
17%
39 Y Yttrium
17%
40 Zr Zirconium
17%
95 Am Americium
8%
51 Sb Antimony
8%
56 Ba Barium
8%
107 Bh Bohrium
8%
112 Cn Copernicium
8%
110 Ds Darmstadtium
8%
105 Db Dubnium
8%
100 Fm Fermium
8%
72 Hf Hafnium
8%
71 Lu Lutetium
8%
25 Mn Manganese
8%
60 Nd Neodymium
8%
46 Pd Palladium
8%
59 Pr Praseodymium
8%
104 Rf Rutherfordium
8%
106 Sg Seaborgium
8%
14 Si Silicon
8%
38 Sr Strontium
8%
52 Te Tellurium
8%
65 Tb Terbium
8%
81 Tl Thallium
8%
22 Ti Titanium
8%
74 W Tungsten
8%
70 Yb Ytterbium
8%
89 Ac Actinium
0%
85 At Astatine
0%
97 Bk Berkelium
0%
83 Bi Bismuth
0%
35 Br Bromine
0%
48 Cd Cadmium
0%
55 Cs Caesium
0%
58 Ce Cerium
0%
24 Cr Chromium
0%
96 Cm Curium
0%
66 Dy Dysprosium
0%
63 Eu Europium
0%
114 Fl Flerovium
0%
64 Gd Gadolinium
0%
108 Hs Hassium
0%
67 Ho Holmium
0%
49 In Indium
0%
53 I Iodine
0%
77 Ir Iridium
0%
57 La Lanthanum
0%
103 Lr Lawrencium
0%
116 Lv Livermorium
0%
109 Mt Meitnerium
0%
101 Md Mendelevium
0%
42 Mo Molybdenum
0%
115 Mc Moscovium
0%
113 Nh Nihonium
0%
41 Nb Niobium
0%
102 No Nobelium
0%
76 Os Osmium
0%
61 Pm Promethium
0%
91 Pa Protactinium
0%
75 Re Rhenium
0%
45 Rh Rhodium
0%
111 Rg Roentgenium
0%
37 Rb Rubidium
0%
44 Ru Ruthenium
0%
62 Sm Samarium
0%
73 Ta Tantalum
0%
43 Tc Technetium
0%
117 Ts Tennessine
0%
90 Th Thorium
0%
69 Tm Thulium
0%
No matching quizzes found
Score Distribution
Percent of People with Each Score
Percentile by Number Answered
Your Score History
You have not taken this quiz